000 01110nas a2200253Ia 4500
001 R144/C1064
003 IT-RoPAU
008 151124c99999999xx |||||||||||| ||und||
040 _aIT-RoPAU
040 _cIT-RoPAU
041 _aFRANCESE
100 _aChanial Philippe
_gCodice Aut. SPICS: 46170
210 _aQUADERNI-LA REVUE DE LA COMMUNICATION
222 _aQuaderni-La Revue De La Communication
245 _aQUADERNI, N.018 (1992) - LES ESPACES PUBLICS
_bEspaces Publics, Sciences Sociales Et Demodratie
250 _a1a ed.
260 _aCOLOMBES (FRANCIA)
_bAZ PRESSE
_c1992
501 _bPaulus - SPICS - Società San Paolo EM (non-commercial uses only)
_cCopyright2015
300 _a11 p. [63-73]
362 _aN.018 (1992) - LES ESPACES PUBLICS
500 _aSpazi Pubblici, Scienze Sociali e Democrazia. Spazio Pubblico tra Ideologia e Metafora. Forme di Pubblico. Ricostruzione di Habermas: Normatività e Pluralità. Pubblicità Come Paradigma: da H. Arendt All'Etnometodologia. Spazio Pubblico Come Paradigma e Co
650 _aCOMUNICAZIONE
_vPUBBLICAZIONE PERIODICA
942 _cCR
999 _c188645
_d188645